MARC details
| 000 -LEADER |
| campo de control de longitud fija |
03281nkc a2200397za 4500 |
| 001 - NÚMERO DE CONTROL |
| campo de control |
84430 |
| 003 - IDENTIFICADOR DE NÚMERO DE CONTROL |
| campo de control |
OSt |
| 005 - FECHA Y HORA DE LA ÚLTIMA TRANSACCIÓN |
| campo de control |
20260416150051.0 |
| 007 - CAMPO FIJO DE DESCRIPCIÓN FÍSICA--INFORMACIÓN GENERAL |
| campo de control de longitud fija |
kh boc |
| 008 - DATOS DE LONGITUD FIJA--INFORMACIÓN GENERAL |
| campo de control de longitud fija |
250408s1910 sp ||||| |||| 00| i|spa d |
| 040 ## - FUENTE DE CATALOGACIÓN |
| Centro/agencia transcriptor |
M-RABA |
| 100 ## - ENTRADA PRINCIPAL--NOMBRE DE PERSONA |
| Nombre de persona |
Martínez Terol, Federico |
| Fechas asociadas al nombre |
(1868-1936) |
| 9 (RLIN) |
111150 |
| 245 1# - MENCIÓN DEL TÍTULO |
| Título |
[Vistas y detalles del Monasterio de Carracedo] |
| Mención de responsabilidad, etc. |
/ Fotografía Terol |
| Medio |
[Material gráfico] |
| 260 ## - PUBLICACIÓN, DISTRIBUCIÓN, ETC. |
| Fecha de publicación, distribución, etc. |
[ca. 1910] |
| 300 ## - DESCRIPCIÓN FÍSICA |
| Extensión |
10 fotografías |
| Otras características físicas |
: gelatina |
| Dimensiones |
; imagen 12,5 x 17 cm |
| -- |
; soporte secundario 21 x 26 cm |
| 500 ## - NOTA GENERAL |
| Nota general |
Conjunto de diez fotografías de vistas y detalles del estado del Monasterio de Carracedo, en León, declarado Monumento Histórico–Artístico el 9 de noviembre de 1929. |
| 500 ## - NOTA GENERAL |
| Nota general |
Fotografías montadas sobre soporte secundario de cartón con marco e inscripciones grabadas en dorado. Inscrito en el soporte: Fotografía Terol, Hortaleza 33, Madrid” ; “Representante artístico Don Ramón Saus" |
| 500 ## - NOTA GENERAL |
| Nota general |
Están atribuidas al fotógrafo natural de Murcia, Federico Martínez Terol, cuyo estudio fotográfico "Fotografía Terol" de la Calle Hortaleza, 33, nº4 de Madrid, mantuvo actividad entre los años 1895 y 1936. |
| 505 ## - NOTA DE CONTENIDO CON FORMATO |
| Nota de contenido con formato |
Numeradas a lápiz al verso |
| 544 ## - NOTA DE LOCALIZACIÓN DE MATERIALES DE ARCHIVO RELACIONADOS |
| Depositario(custodio) |
Documentación de la Comisión Provincial de Monumentos de León sobre Carracedo: Archivo. 41-4/4 (1879-1910, 48-8/2 (1840-1880) |
| 610 20 - PUNTO DE ACCESO ADICIONAL DE MATERIA--NOMBRE DE ENTIDAD CORPORATIVA |
| Nombre de entidad corporativa o nombre de jurisdicción como elemento de entrada |
Monasterio de Santa María de Carracedo (León) |
| 9 (RLIN) |
111669 |
| 651 #7 - PUNTO DE ACCESO ADICIONAL DE MATERIA--NOMBRE GEOGRÁFICO |
| Nombre geográfico |
León |
| Fuente del encabezamiento o término |
embne |
| 9 (RLIN) |
75160 |
| 655 #0 - TERMINO DE INDIZACIÓN--GENERO/FORMA |
| Datos o término principal de género/forma |
Fotografías de monumentos |
| 9 (RLIN) |
111580 |
| 852 ## - LOCALIZACIÓN |
| Número de control de estantería |
Fot-547 ; Fot-548 ; Fot-549 ; Fot-550 ; Fot-551 ; Fot-552 ; Fot-553 ; Fot-554 ; Fot-555 ; Fot-556 |
| 856 ## - LOCALIZACIÓN Y ACCESO ELECTRÓNICOS |
| Materiales especificados |
Fot-547 |
| Identificador Uniforme de Recurso |
<a href="https://archivoybiblioteca.realacademiabellasartessanfernando.com/cgi-bin/koha/opac-retrieve-file.pl?id=610b2d48a73ef8ff6727451394360a2f">https://archivoybiblioteca.realacademiabellasartessanfernando.com/cgi-bin/koha/opac-retrieve-file.pl?id=610b2d48a73ef8ff6727451394360a2f</a> |
| 856 ## - LOCALIZACIÓN Y ACCESO ELECTRÓNICOS |
| Materiales especificados |
Fot-548 |
| Identificador Uniforme de Recurso |
<a href="https://archivoybiblioteca.realacademiabellasartessanfernando.com/cgi-bin/koha/opac-retrieve-file.pl?id=941ae2b851ffc44af939d075b922b799">https://archivoybiblioteca.realacademiabellasartessanfernando.com/cgi-bin/koha/opac-retrieve-file.pl?id=941ae2b851ffc44af939d075b922b799</a> |
| 856 ## - LOCALIZACIÓN Y ACCESO ELECTRÓNICOS |
| Materiales especificados |
Fot-549 |
| Identificador Uniforme de Recurso |
<a href="https://archivoybiblioteca.realacademiabellasartessanfernando.com/cgi-bin/koha/opac-retrieve-file.pl?id=af81801680cb1e385bb33558b899b8b8">https://archivoybiblioteca.realacademiabellasartessanfernando.com/cgi-bin/koha/opac-retrieve-file.pl?id=af81801680cb1e385bb33558b899b8b8</a> |
| 856 ## - LOCALIZACIÓN Y ACCESO ELECTRÓNICOS |
| Materiales especificados |
Fot-550 |
| Identificador Uniforme de Recurso |
<a href="https://archivoybiblioteca.realacademiabellasartessanfernando.com/cgi-bin/koha/opac-retrieve-file.pl?id=cf79ac24c57a7495a446ed99e26297bc">https://archivoybiblioteca.realacademiabellasartessanfernando.com/cgi-bin/koha/opac-retrieve-file.pl?id=cf79ac24c57a7495a446ed99e26297bc</a> |
| 856 ## - LOCALIZACIÓN Y ACCESO ELECTRÓNICOS |
| Materiales especificados |
Fot-551 |
| Identificador Uniforme de Recurso |
<a href="https://archivoybiblioteca.realacademiabellasartessanfernando.com/cgi-bin/koha/opac-retrieve-file.pl?id=7d94e6017b1f868eee8adfaa12d030ca">https://archivoybiblioteca.realacademiabellasartessanfernando.com/cgi-bin/koha/opac-retrieve-file.pl?id=7d94e6017b1f868eee8adfaa12d030ca</a> |
| 856 ## - LOCALIZACIÓN Y ACCESO ELECTRÓNICOS |
| Materiales especificados |
Fot-552 |
| Identificador Uniforme de Recurso |
<a href="https://archivoybiblioteca.realacademiabellasartessanfernando.com/cgi-bin/koha/opac-retrieve-file.pl?id=5f44ffa65aae5f6bfc8d9c656f0d1cf6">https://archivoybiblioteca.realacademiabellasartessanfernando.com/cgi-bin/koha/opac-retrieve-file.pl?id=5f44ffa65aae5f6bfc8d9c656f0d1cf6</a> |
| 856 ## - LOCALIZACIÓN Y ACCESO ELECTRÓNICOS |
| Materiales especificados |
Fot-553 |
| Identificador Uniforme de Recurso |
<a href="https://archivoybiblioteca.realacademiabellasartessanfernando.com/cgi-bin/koha/opac-retrieve-file.pl?id=f7ccf5d39262203f62097445f8491b33">https://archivoybiblioteca.realacademiabellasartessanfernando.com/cgi-bin/koha/opac-retrieve-file.pl?id=f7ccf5d39262203f62097445f8491b33</a> |
| 856 ## - LOCALIZACIÓN Y ACCESO ELECTRÓNICOS |
| Materiales especificados |
Fot-554 |
| Identificador Uniforme de Recurso |
<a href="https://archivoybiblioteca.realacademiabellasartessanfernando.com/cgi-bin/koha/opac-retrieve-file.pl?id=63defe7bd970a9fc0951c243e4a7a4da">https://archivoybiblioteca.realacademiabellasartessanfernando.com/cgi-bin/koha/opac-retrieve-file.pl?id=63defe7bd970a9fc0951c243e4a7a4da</a> |
| 856 ## - LOCALIZACIÓN Y ACCESO ELECTRÓNICOS |
| Materiales especificados |
Fot-555 |
| Identificador Uniforme de Recurso |
<a href="https://archivoybiblioteca.realacademiabellasartessanfernando.com/cgi-bin/koha/opac-retrieve-file.pl?id=e42b4ab83aa8cd193334f6ff9a0e54a8">https://archivoybiblioteca.realacademiabellasartessanfernando.com/cgi-bin/koha/opac-retrieve-file.pl?id=e42b4ab83aa8cd193334f6ff9a0e54a8</a> |
| 856 ## - LOCALIZACIÓN Y ACCESO ELECTRÓNICOS |
| Materiales especificados |
Fot-556 |
| Identificador Uniforme de Recurso |
<a href="https://archivoybiblioteca.realacademiabellasartessanfernando.com/cgi-bin/koha/opac-retrieve-file.pl?id=a288209c907d799101d0b96d3c5023e2">https://archivoybiblioteca.realacademiabellasartessanfernando.com/cgi-bin/koha/opac-retrieve-file.pl?id=a288209c907d799101d0b96d3c5023e2</a> |
| 942 ## - ELEMENTOS DE ENTRADA SECUNDARIOS (KOHA) |
| Fuente de la clasificación o esquema de estantería |
Clasificación Decimal Dewey |
| Tipo de ítem Koha |
Fotografías |
| Suprimir en OPAC |
No |